000 00557cam a22002051 4500
001 med47000405
003 DLC
005 20260227111559.0
008 810725s1944 xx c 000 0 dut
010 _amed47000405
035 _a(OCoLC)14722132
040 _aDLC
_cDNLM
_dDLC
042 _apremarc
050 0 0 _aRS92
_b.E9
060 0 _aQV 21
_bE93p 1944
100 1 _aEvrard, V.
245 1 0 _aPharmaceutische plichtenleer voor apothekers en stagiaires ...
260 _aAntwerpen [etc.]
_bStandaard-boekhandel,
_c1944.
300 _a95, [1] p.
_bports.
999 _c38063
_d38063